Central Library OPAC University of Rajshahi

Divided image : (Record no. 20572)

MARC details
000 -LEADER
fixed length control field 00785cam a22002652a 4500
001 - CONTROL NUMBER
control field 20572
003 - CONTROL NUMBER IDENTIFIER
rucl marc code BD-RjUL
005 - DATE AND TIME OF LATEST TRANSACTION
control field 20211209000601.0
008 - FIXED-LENGTH DATA ELEMENTS--GENERAL INFORMATION
fixed length control field 140301s1953 enk 001 0 eng
020 ## - INTERNATIONAL STANDARD BOOK NUMBER
International Standard Book Number 083831015X
035 ## - SYSTEM CONTROL NUMBER
System control number (BD-RjUL)20634
040 ## - CATALOGING SOURCE
Original cataloging agency HEI
Transcribing agency HEI
Modifying agency UKM
-- EQO
Language of cataloging eng
041 ## - LANGUAGE CODE
Language code of text/sound track or separate title eng
082 ## - DEWEY DECIMAL CLASSIFICATION NUMBER
Classification number 821.8
Author mark and year NED
100 1# - MAIN ENTRY--PERSONAL NAME
Personal name Newlin, Margaret,
Dates associated with a name 1925-
9 (RLIN) 63469
245 10 - TITLE STATEMENT
Title Divided image :
Remainder of title a study of William Blake and W.B. Yeats
260 ## - PUBLICATION, DISTRIBUTION, ETC. (IMPRINT)
Place of publication, distribution, etc. London :
Name of publisher, distributor, etc. Routledge & K. Paul,
Date of publication, distribution, etc. 1953.
300 ## - PHYSICAL DESCRIPTION
Pagination xv, 239 p. ;
Size 23 cm
504 ## - BIBLIOGRAPHY, ETC. NOTE
Bibliography, etc Includes Bibliography: p. 233-23 and index.
600 10 - SUBJECT ADDED ENTRY--PERSONAL NAME
Personal name Blake, William,
Dates associated with a name 1757-1827.
Personal name Yeats, W. B.
Fuller form of name (William Butler),
Dates associated with a name 1865-1939.
942 ## - ADDED ENTRY ELEMENTS (KOHA)
Source of classification or shelving scheme Dewey Decimal Classification
Koha item type Books
Holdings
Lost status Source of classification or shelving scheme Damaged status Not for loan Collection code Permanent Location Current Location Shelving location Date acquired Source of acquisition Cost, normal purchase price Total Checkouts Full call number Date last seen Copy number Koha item type
  Dewey Decimal Classification   Added to bundle Fiction Central Library, University of Rajshahi Central Library, University of Rajshahi Reading Room 04/03/1956 A.B.C 14.00   821.8 NED 1953 01/03/2014 C-1 Books